000 00317nam a2200133Ia 4500
005 20260328101526.0
008 260328s9999||||xx |||||||||||||| ||und||
100 _aCastillo, Encarna
245 0 _aNew Home Office Design /
_cEncarna Castillo
260 _bDaab
300 _a189 p.
650 _aVIVIENDA
942 _cBK
999 _c9791
_d9791